Zur Frage der doppelten efferenten Innervation der quergestreiften Muskulatur beim Menschen

Elmentve itt :
Bibliográfiai részletek
Szerzők: Kadanoff Dimitri
Spassowa I.
Dokumentumtípus: Cikk
Megjelent: 1963
Sorozat:Acta biologica 9 No. 1-4
Kulcsszavak:Természettudomány
Online Access:http://acta.bibl.u-szeged.hu/21572
LEADER 00683nab a2200193 i 4500
001 acta21572
005 20210527121443.0
008 161015s1963 hu o 0|| ger d
022 |a 0563-0592 
040 |a SZTE Egyetemi Kiadványok Repozitórium  |b hun 
041 |a ger 
100 1 |a Kadanoff Dimitri 
245 1 4 |a Zur Frage der doppelten efferenten Innervation der quergestreiften Muskulatur beim Menschen  |h [elektronikus dokumentum] /  |c  Kadanoff Dimitri 
260 |c 1963 
300 |a 127-135 
490 0 |a Acta biologica  |v 9 No. 1-4 
695 |a Természettudomány 
700 0 1 |a Spassowa I.  |e aut 
856 4 0 |u http://acta.bibl.u-szeged.hu/21572/1/biologica_009_127-135.pdf  |z Dokumentum-elérés